[Event "Pan American-ch Hybrid U12 31st"]
[Site "Tornelo INT"]
[Date "2021.09.04"]
[Round "9"]
[White "Caro Miranda, Peter Valentino"]
[Black "Ramos, Enzo de Almeida"]
[Result "1-0"]
[WhiteElo "1310"]
[BlackElo "1262"]
[PlyCount "117"]
[EventDate "2021.09.04"]
[EventType "swiss"]
[EventRounds "9"]
[EventCountry "NET"]
[SourceTitle "EXT 2023"]
[Source "ChessBase"]
[SourceDate "2022.10.05"]
[SourceVersion "1"]
[SourceVersionDate "2022.10.05"]
[SourceQuality "1"]

1. d4 Nf6 2. Nf3 e6 3. Bf4 Bb4+ 4. c3 Be7 5. Nbd2 b6 6. e4 Bb7 7. Bd3 d6 8. h3 Nbd7 9. Qe2 c5 10. 0-0 0-0 11. a4 Rc8 12. Rfe1 cxd4 13. cxd4 Nh5 14. Bh2 Nhf6 15. Rac1 h6 16. Rxc8 Qxc8 17. Nc4 d5 18. exd5 Nxd5 19. Bd6 Re8 20. Qd2 N7f6 21. b3 Qd8 22. Bxe7 Qxe7 23. Rc1 Nb4 24. Nce5 Nxd3 25. Qxd3 Rc8 26. Rxc8+ Bxc8 27. Nc6 Qc7 28. Qc4 Bb7 29. Nfe5 Kf8 30. Nxa7 Qxc4 31. bxc4 Ne4 32. Nd7+ Ke7 33. Nxb6 Nc3 34. Nb5 Ne4 35. Kf1 Nf6 36. Ke2 Ne4 37. Ke3 Nf6 38. a5 Nd7 39. Nc3 Nxb6 40. axb6 Kd7 41. d5 exd5 42. Nxd5 Kc6 43. Kd4 Kd6 44. c5+ Kc6 45. Nc7 g6 46. Kc4 Bc8 47. Kb4 Bb7 48. Nb5 Kd7 49. f3 f5 50. Na7 g5 51. Kb5 h5 52. c6+ Bxc6+ 53. Nxc6 g4 54. b7 Ke6 55. b8Q Kf6 56. Qf8+ Kg5 57. hxg4 fxg4 58. g3 Kg6 59. Ne5+ 1-0